| 000 | 00722nam a2200181 i 4500 | ||
|---|---|---|---|
| 001 | 182067 | ||
| 003 | ES-MaACL | ||
| 005 | 20250705063018.0 | ||
| 008 | 130529s1941 sp |||| | spa d | ||
| 100 | 1 |
_aSaint-Simon, Louis de Rouvroy, _cduc de, _d1675-1755 _9132295 |
|
| 245 | 1 | 0 |
_aLuis XIV el Rey Sol / _cDuque de Saint-Simon ; versión española de José Mª Borrás. |
| 260 |
_aBarcelona : _bEdic. Ave, _c[1941] ( _fTall. S.G. de P.) |
||
| 300 |
_a95 p. ; _c20 cm. |
||
| 600 | 0 | 4 |
_aLuis _bXIV, _cRey de Francia _974697 |
| 700 | 1 |
_aBorrás i Codina, Josep M. _930565 |
|
| 852 |
_aES-MaACL _j2114-F-16 _z.- Donativo de los herederos de la biblioteca de Mª del Pilar Costa Palacín |
||
| 999 |
_c182067 _d182067 |
||